<?xml version="1.0" encoding="UTF-8"?>
<marc:record xmlns:marc="http://www.loc.gov/MARC21/slim">
   <marc:leader>00000nam a2200000 a 4500</marc:leader>
   <marc:datafield ind1="1" ind2=" " tag="100">
      <marc:subfield code="a">Fowler, Alys</marc:subfield>
      <marc:subfield code="4">aut</marc:subfield>
      <marc:subfield code="e">Verfasser/-in</marc:subfield>
   </marc:datafield>
   <marc:datafield ind1="1" ind2=" " tag="100">
      <marc:subfield code="a">Griffiths, Heidi</marc:subfield>
   </marc:datafield>
   <marc:datafield ind1=" " ind2=" " tag="653">
      <marc:subfield code="a">Garten</marc:subfield>
   </marc:datafield>
   <marc:datafield ind1=" " ind2=" " tag="653">
      <marc:subfield code="a">Gärtnern</marc:subfield>
   </marc:datafield>
   <marc:datafield ind1=" " ind2=" " tag="653">
      <marc:subfield code="a">Kinder ab 6</marc:subfield>
   </marc:datafield>
   <marc:datafield ind1=" " ind2=" " tag="653">
      <marc:subfield code="a">Natur</marc:subfield>
   </marc:datafield>
   <marc:datafield ind1=" " ind2=" " tag="653">
      <marc:subfield code="a">Pflanzen</marc:subfield>
   </marc:datafield>
   <marc:datafield ind1=" " ind2=" " tag="653">
      <marc:subfield code="a">Kinder</marc:subfield>
   </marc:datafield>
   <marc:datafield ind1="0" ind2="0" tag="245">
      <marc:subfield code="a">Meine kleine Pflanzenwerkstatt</marc:subfield>
   </marc:datafield>
   <marc:datafield ind1="0" ind2="0" tag="245">
      <marc:subfield code="b">spannende Gartenprojekte für Klein und Groß</marc:subfield>
   </marc:datafield>
   <marc:datafield ind1="0" ind2="0" tag="245">
      <marc:subfield code="c">Alys Fowler ; Royal Botanic Gardens Kew ; Illustrationen von Heidi Griffiths</marc:subfield>
   </marc:datafield>
   <marc:datafield ind1=" " ind2="1" tag="264">
      <marc:subfield code="a">Hildesheim</marc:subfield>
      <marc:subfield code="b">Gerstenberg</marc:subfield>
      <marc:subfield code="c">2024</marc:subfield>
   </marc:datafield>
   <marc:datafield ind1=" " ind2=" " tag="250">
      <marc:subfield code="a">Deutsche Ausgabe</marc:subfield>
   </marc:datafield>
   <marc:datafield ind1="1" ind2=" " tag="520">
      <marc:subfield code="a">Dieses Buch macht nicht nur mit tollen Pflanzen bekannt, sondern hat auch viele spannende Aktivitäten rund um die grünen Wunderwesen im Angebot. Die bekannte Gartenexpertin Alys Fowler hat mehr als 30 DIY-Tipps zusammengestellt: Rezepte, Anleitungen fürs Gärtnern, Experimente und vieles mehr. Unter fachkundiger Anleitung können Pflanzenfans einen eigenen Avocadobaum ziehen, essbare Blüten kennenlernen, eine eigene Ruckzuck-Tomatenzucht starten oder Blumenduftwasser kreieren. Sie erleben den Garten bei Nacht und erfahren, mit welchen Pflanzen man Schmetterlinge glücklich macht. Alles, was es braucht, um gleich loszulegen, sind ein selbst gebauter Topf und eine Gießkanne, Samen aus dem Gewürzregal, ein wenig Pflanzerde und eine sonnige Fensterbank.Willkommen in der wunderbaren Welt der Pflanzen!##Sachen machen mit Pflanzen##Mit diesem detailreich und opulent illustrierten Sachbuch machen Kinder erste Schritte in das Reich der Pflanzen und können sich in tollen Gartenprojekten selber ausprobieren</marc:subfield>
   </marc:datafield>
   <marc:datafield ind1=" " ind2=" " tag="020">
      <marc:subfield code="a">9783836962438</marc:subfield>
      <marc:subfield code="9">9783836962438</marc:subfield>
   </marc:datafield>
   <marc:datafield ind1=" " ind2=" " tag="041">
      <marc:subfield code="a">ger</marc:subfield>
   </marc:datafield>
   <marc:datafield ind1=" " ind2=" " tag="300">
      <marc:subfield code="a">95 Seiten</marc:subfield>
   </marc:datafield>
</marc:record>
